Statistics for All Undertale Characters

Click here to take the quiz!

General Stats

  • This quiz has been taken 14 times
    (13 since last reset)
  • The average score is 31 of 68

Answer Stats

HintAnswer% Correct
First Major Character You EncounterFlowey The Flower
100%
The Character You Play AsFrisk
100%
A Skeleton Which Hates Puns And Loves Making SpaghettiPapyrus
88%
A Skeleton Which Likes Making Puns And Is The 3rd Last Thing You Kill In The Genocide RouteSans The Skeleton
88%
The Ex-Queen Of The UndergroundToriel Dreemurr
88%
The Son Of The Ex-Queen And King Of The UndergroundAsriel Dreemurr
75%
You'll need to fight this to TrainDummy
75%
First Monster You EncounterFroggit
75%
An Introverted GhostNapstablook
75%
The King Of The UndergroundAsgore Dreemurr
63%
A Dog That's Apart Of The Royal Guard And Is Disguised As A SnowpoffGreater Dog
63%
If You Take Away The Monster above this hint's Hat, he will turn into thisIce
63%
A Monster That Is Very Overprotective Over its hatIcecap
63%
A Dog That If You Pet Too Much, Its Neck will keep getting longerLesser Dog
63%
It's Name Sounds Like Luke SkywalkerLoox Eyewalker
63%
A Spider Monster That Is Paid To Kill YouMuffet
63%
Sells Nice CreamNice Cream Guy
63%
A Fish Monster That Tries To Kill You Because She Wants The King To Gather 7 Souls (Neutral/True Pacifist)Undyne
63%
The First Human That Fell In The UndergroundChara
50%
Cooler Version of the last oneChilldrake
50%
A Male Dog In Love With The Monster BelowDogamy
50%
A Female Dog In Love With The Monster AboveDogaressa
50%
Blind Dog That Only Sees Moving ThingsDoggo
50%
A Cousin Of A Ghost That Lives In A Dummy (Genocide)Glad Dummy
50%
A Hidden Monster Which Will Appear If You Walk For 2 Minutes In The Room With A Locked Door In The Snow ForestGlyde
50%
A Monster That Other Monster Teens Tortured By Putting Christmas Decorations On ItGyftrot
50%
Gen-Z Monster..... Basically....Jerry
50%
A Cousin Of A Ghost That Lives In A Dummy (Neutral/True Pacifist)Mad Dummy
50%
A Robot Built By The Royal ScientistMettaton
50%
A Monster That Likes When Its AloneMigosp
50%
A Little Blob That Can Be Spared ImmediatelyMoldsmal
50%
A Yellow Girl Monster That Doesn't Have Arms And Wears A Bowtie And A Striped ShirtMonster Kid
50%
A Monster that left its parents and is trying to be a comedianSnowdrake
50%
A Cat-Dog Monster That Mainly Speaks In Broken English But Speaks In English If AngryTemmie
50%
A Large Carrot...Vegetoid
50%
A Very Sensitive Monster In The RuinsWhimsun
50%
A Muscular Half Mermaid MonsterAaron
38%
A Monster That Easily Falls Asleep With A LullabyKnight Knight
38%
A Magician In The COREMadjick
38%
A Switch Exclusive Fight With 3 Alternate Overworld SpritesMad Mew Mew
38%
A Monster Disguised As The Monster In Hint Number 9Moldbygg
38%
A Mermaid Monster Which Tries To Be Good At SingingShyren
38%
A Plane That Is In Love With YouTsunderplane
38%
A Fish Monster That Is Determined To Kill You (Genocide)Undyne The Undying
38%
An Unknown Person That Spawns In Water With A Chance around 1/1000W.D.Gaster/Mystery Man
38%
A Monster Which Loves Cleaning With A Duck On Top Of ItWoshua
38%
A Monster That's Supposed To Represent Toby Fox, The Game's CreatorAnnoying Dog
25%
The Harder Version Of The Monster In Hint 6Astigmatism
25%
The Royal ScientistDr.Alphys
25%
Amalgamation Of The Parents Of The Monsters In Hint 17 and 18, And Other Family Members Of Dog MonstersEndogeny
25%
The Harder Version Of The Monster In Hint 3Final Froggit
25%
Amalgamate Of The Monster In Hint 27,24 and 37Lemon Bread
25%
The Only Amalgamate Not Connected With Any MonsterMemory Head
25%
The Robot In Hint 41 But With A Full Body (Neutral/True Pacifist)Mettaton EX
25%
The Robot In Hint 41 But With A Full Body (Genocide)Mettaton NEO
25%
The Hard Mode Version Of The Monster In Hint 8Migospel
25%
The Hard Mode Version Of The Monster In Hint 9Moldessa
25%
The Hard Mode Version Of The Monster In Hint 7Parsnik
25%
A Monster That Enjoys Hot TemperaturesPyrope
25%
Amalgamation Of The Monsters In Hint 43,44 And 45Reaper Bird
25%
A Royal Guard That's In Love With Another Royal GuardRG01
25%
A Royal Guard That's In Love With Another Royal GuardRG02
25%
The Mother Of The Monster In Hint 12Snowdrake's Mother
25%
In Genocide,You Can Take Three Pieces Of Him,but in other routes,only one.Snowman
25%
A Hidden Monster In Hotland That You Can Only Fight On October 10thSo Sorry
25%
A Volcano Monster Which Appreciates Love towards ItVulkin
25%
The Harder Version Of The Monster In Hint 5Whimsalot
25%
The bartender and owner of Snowdin's Restaurant "Grillby's"Grillbz
13%

Score Distribution

Percentile by Number Answered

Percent of People with Each Score

Your Score History

You have not taken this quiz since the last reset